000 00442nam a2200145 i 4500
001 130086
003 ES-MaACL
007 t|
008 070718s1911 sp ||||1| spa d
100 1 _aZurdo Olivares, Luis.
_9118533
245 1 0 _aVeite años de vida ferroviaria y diez y seis después /
_cLuis Zurdo Olivares.
260 _aBarcelona :
_bHenrich y Cia,
_c1911.
300 _aXIII, 1027 p. :
_bil. ;
_c26 cm.
852 _aES-MaACL
_jG-1154
999 _c130086
_d130086